Verbaľnaja manipuljacija v političekom diskurse (na materiale slovackogo i russkogo jazykov)
Guardado en:
| Autor principal: | |
|---|---|
| Formato: | Capítulo de libro |
| Lenguaje: | ruso |
| Materias: | |
| Etiquetas: |
Sin Etiquetas, Sea el primero en etiquetar este registro!
|
MARC
| LEADER | 00000naa$a2200000$$$4500 | ||
|---|---|---|---|
| 001 | 0238195 | ||
| 005 | 20240502083637.5 | ||
| 041 | 0 | |a rus | |
| 044 | |a BG | ||
| 245 | 1 | 0 | |a Verbaľnaja manipuljacija v političekom diskurse (na materiale slovackogo i russkogo jazykov) |c Tatjana Grigorjanová |
| 610 | 2 | 0 | |a politika |
| 610 | 2 | 0 | |a komunikácia verbálna |
| 610 | 2 | 0 | |a jazyky cudzie |
| 610 | 2 | 0 | |a ruština |
| 610 | 2 | 0 | |a slovenčina |
| 100 | 1 | |a Grigorjanová, Tatjana, 1960- | |